| 000 | 01123nam a2200349 i 4500 | ||
|---|---|---|---|
| 001 | 018523118 | ||
| 003 | EG-ScBUE | ||
| 005 | 20230306033910.0 | ||
| 008 | 101001s2016 enk f b 001 0 eng d | ||
| 020 | _a9780552151740 | ||
| 040 |
_aTEFOD _beng _erda _cTEFOD _dOCLCQ _dOCLCF _dOCLCO _dOCLCQ _dTEFOD _dOCLCQ _dMMI _dOCLCQ _dUk _dEG-ScBUE |
||
| 082 | 0 | 4 |
_a500 _222 _bBRY |
| 100 | 1 |
_aBryson, Bill, _eauthor. |
|
| 245 | 1 | 2 |
_aA short history of nearly everything / _cBill Bryson. |
| 264 | 1 |
_aLondon : _bPenguin Random House, _c2016. |
|
| 300 |
_a667 pages ; _c20 cm |
||
| 336 |
_atext _2rdacontent _btxt |
||
| 337 |
_acomputer _2rdamedia _bn |
||
| 338 |
_aonline resource _2rdacarrier _bnc |
||
| 504 | _aIncludes bibliographical references and index. | ||
| 588 | 0 | _aPrint version record. | |
| 650 | 7 |
_aScience. _2BUEsh |
|
| 650 | 7 |
_aCulture _xOrigin. _2BUEsh |
|
| 650 | 7 |
_aHuman beings _xOrigin. _2BUEsh |
|
| 650 | 7 |
_aLife _xOrigin. _2BUEsh |
|
| 653 |
_bGGEN _cMarch2023 |
||
| 655 | _vReading book | ||
| 942 |
_2ddc _cBB |
||
| 999 |
_c30205 _d30176 |
||